Science Quiz

Random Science or Clickable Quiz

10 to 1: Animals Quiz Stats

 Plays Quiz Updated Jun 26, 2017

Support Sporcle.
Go Orange.
Score 0/55 Timer 04:00
7 Plays Today
% Correct
Canary
97%
Parrot
91.8%
Chicken
91.3%
Chimpanzee
90.9%
Owl
90.2%
Baboon
89.8%
Finch
88.5%
Gorilla
88.5%
Orangutan
87.5%
Emu
86.4%
Nightingale
85.7%
Mouse
84.5%
Hamster
84.2%
Stork
83.9%
Gerbil
83%
Puffin
81.1%
Osprey
78.8%
Human
78.6%
Clam
77.5%
Kangaroo
77.2%
Chinchilla
75.1%
Gopher
73.7%
Koala
73.3%
Squirrel
72.4%
Wallaby
72.1%
Oyster
71.8%
Spider
70.9%
Crocodile
70.2%
% Correct
Frog
70%
Lemur
70%
Wombat
69.4%
Macaque
67.8%
Mandrill
66.1%
Gecko
64.4%
Chameleon
64.4%
Snake
63.7%
Opossum
61%
Tasmanian Devil
59.7%
Snail
55%
Tamarin
53.9%
Lemming
52.6%
Newt
52.3%
Scorpion
51.4%
Nautilus
48.8%
Sea Urchin
48.2%
Cuttlefish
47.9%
Sea Cucumber
47.3%
Salamander
47%
Turtle
46.8%
Porcupine
39.2%
Starfish
38.8%
Sand Dollar
38.8%
Squid
34.7%
Octopus
31.6%
Leech
24.1%

You're not logged in!

Compare scores with friends on all Sporcle quizzes.
OR
Log In
Forgot?

From the Vault

Top Grossing Films By Year (1980s)

by me111731

In the '80s, if you had an Australian in your movie, it would probably be a hit. That pretty much sums up the decade right there.
Remove Ads.
Support Sporcle.
Get the best of Sporcle when you Go Orange. This ad-free experience offers more features, more stats, and more fun while also helping to support Sporcle. Thank you for becoming a member.

Show Comments

Extras

Top Quizzes Today


Score Distribution

Your Account Isn't Verified!

In order to create a playlist on Sporcle, you need to verify the email address you used during registration. Go to your Sporcle Settings to finish the process.

Report this User

Report this user for behavior that violates our Community Guidelines.

Details: